000 00442cam a2200157 4500500
005 20260329021356.0
041 _afre
042 _adc
100 1 0 _aLejeune, Éline
_eauthor
700 1 0 _aDemeuse, Marc
_eauthor
245 0 0 _aPages de début
260 _c2026.
500 _a27
786 0 _nPhronesis | 15 | 2 | 2026-02-04 | p. 4-14
856 4 1 _uhttps://shs.cairn.info/revue-phronesis-2026-2-page-4?lang=fr&redirect-ssocas=7080
999 _c1912071
_d1912071